Jean Cocteau e il cinema
Saved in:
| Andre forfattere: | , |
|---|---|
| Format: | Bog |
| Sprog: | engelsk |
| Udgivet: |
Alessandria
Edizione Falsopiano
2003
|
| Tags: |
Ingen Tags, Vær først til at tagge denne postø!
|
MARC
| LEADER | 00000nam a2200000 4500 | ||
|---|---|---|---|
| 005 | 20231101224035.0 | ||
| 008 | 231101b |||||||| |||| 00| 0 eng d | ||
| 020 | |a 8887011567 | ||
| 040 | |c C | ||
| 082 | |a 791.43092 | ||
| 245 | |a Jean Cocteau e il cinema | ||
| 260 | |a Alessandria |b Edizione Falsopiano |c 2003 | ||
| 700 | |a Minerba, Giovanni | ||
| 700 | |a Santoro, Cosimo | ||
| 942 | |2 ddc |c BK |n 0 | ||
| 952 | |0 0 |1 0 |2 ddc |4 0 |6 791_430920000000000_MIN_JEA |7 1 |9 33 |a GE |b GE |d 2013-10-19 |l 0 |o 791.43092 MIN JEA |p 1181 |r 2023-11-01 22:41:48 |w 2023-11-01 |y BK | ||
| 999 | |c 31 |d 31 | ||